000
00325nam a2200109Ia 4500
008
160531s9999 xx 000 0 und d
100
_a
Saad, Yousef.
245
_a
Numerical Methods for Large Eigenvalue Problems
245
_c
by Yousef Saad
260
_c
2011
856
_u
http://www-users.cs.umn.edu/~saad/eig_book_2ndEd.pdf
999
_c
295152
_d
295152